000 00889nam a2200313 a 4500
003 AR-BaBNM
005 20251128210440.0
008 082120s2002 ||||||||||||||000 | spa||
020 _a950-9413-21-6
040 _cAR-BaBNM
100 1 _aRibeiro, Darcy
245 0 0 _aUtopía salvaje
_bnostalgias de la inocencia perdida : una fábula
260 _aBuenos Aires
_bEdiciones del Sol
_c1995
300 _a198 p.
_bil.
490 0 _aLos nuestros
_vv. 8
500 _aContiene referencias bibliográficas
650 4 _aLITERATURA LATINOAMERICANA
650 4 _aLITERATURA CONTEMPORANEA
650 4 _aTRADICION ORAL
650 4 _aLEYENDAS
653 _aNARRATIVA
653 _aREALISMO MAGICO
653 _aLITERATURA BRASILEÑA
655 _aLITERATURA
700 1 _aPedroso, Osvaldo
_etraductor
800 1 _aColombres, Adolfo
_edirector
942 _cBK
998 _cMARTIN
999 _c15515
_d15515